000 01333nam a2200313 c 4500
003 BLK
005 20240228134325.0
008 180411b bul|||||r ||||||| ||bul||
010 _aKNG00208319000
040 _aBLK
041 _aBUL
_cBUL
080 _aБългарска литература
_b821.163.2
_x-1
_z821.163.2-1
100 1 _aКарик, Иван
_eпърви автор
_977098
700 1 _aАндасаров, Петър Георгиев
_eсъстав. и ред.
_9377840
700 _aЕленков, Константин Рангелов
_d1941-
_gЛитературен критик. Преводач от руски език
_9280069
139 _aКарик, Иван
_bК 40
245 1 0 _aБиография на любовта ми
_bСтихотворения
_cИван Карик; състав. и ред. Петър Георгиев Андасаров; с послесл. от Константин Рангелов Еленков.
257 _aBGR
260 София
_bНар. младеж
_c1989
300 _a111 с.
_c21 см
380 _aX
500 _a1 400 тир.
852 _aЦб 162136
856 4 _qpdf
_u
856 4 _qpdf
_u
942 _cKNG
_n0
944 _aCR
_c20.06.2017
_k30560
_lГеновева Генчева
944 _aED
_c20.06.2017
_kКети_Илиева
999 _c198957
_d198957